• 首页
  • 本馆介绍
  • 公告通知
  • 最新文献
  • 馆藏检索
  • 电子资源
  • 读者导购
  • 参考咨询
  • 我的图书馆
  • 登录
  • 详细信息显示
  • 放入我的书架
  • 预约/预借图书
  • 作者相关作品
  • 分类相关作品
  • 丛书相关作品
  • 出版社相关作品

书目信息

  • 表格格式
  • 工作单格式
  • 卡片格式
题名:
恩格斯与保尔·拉法格、劳拉·拉法格通信集
    
 
作者: 鲍提若里 编 ;北京第二外国语学院法语专业73级师生 译
分册: 第一卷  
出版信息: 北京   人民出版社  1979
页数: 514页
开本: 19cm
丛书名:
单 册:
中图分类: A13
科图分类:
主题词: 马恩著作--书信集
电子资源:
ISBN:
000 00929nam0 2200241 45
001 0179003611
005 20060927152450.65
010    @dCNY1.55@b精装
091    @a1001.1149
100    @a19950714d1979 em y0chiy0121 ea
101 1  @achi@cfre
102    @aCN@b110000
105    @ay z 000yy
200 10 @a恩格斯与保尔·拉法格、劳拉·拉法格通信集@Aen ge si yu bao er la fa ge lao la la fa ge tong xin ji@h第一卷@e1868-1886@f(法)爱·鲍提若里编@F(Fa)Ai·Bao Ti Ruo Li Bian@g北京第二外国语学院法语专业73级师生译
210    @a北京@c人民出版社@d1979
215    @a514页@d19cm
300    @a本书依据(法)爱·鲍提若里所编《恩格斯与保尔·拉法格、劳拉·拉法格通信集》第一卷译出
606    @a马恩著作@x书信集
690    @aA13@v3
701  0 @a鲍提若里@4编
712 02 @a北京第二外国语学院法语专业73级师生@Abei jing di er wai guo yu xue yuanfa yu zhuan ye73 ji shi sheng@4译
801  0 @aCN@bNLC@c20060927
905    @f1@b171193@dA13@e32
    
    恩格斯与保尔·拉法格、劳拉·拉法格通信集.第一卷:1868-1886/(法)爱·鲍提若里编/北京第二外国语学院法语专业73级师生译.-北京:人民出版社,1979
    514页;19cm
    本书依据(法)爱·鲍提若里所编《恩格斯与保尔·拉法格、劳拉·拉法格通信集》第一卷译出
    
    ISBN (精装):CNY1.55
    
●
相关链接 在E读中查询图书 在五车中查询图书 在当当中查询图书 在豆瓣中查询图书


正题名:恩格斯与保尔·拉法格、劳拉·拉法格通信集     索取号:A13/32         预约/预借

序号 登录号 条形码 馆藏地/架位号 状态 备注
1 0171193   000949077   第一样本阅览室/ [索取号:A13/32] 在馆    
2 0422439   204224393   密集书库/ [索取号:A13/32] 在馆    
唐山师范学院图书馆 欢迎您!
大连网信软件有限公司© 版权所有